Bases françaises Armée de l'Air et de l'Espace - Map Quiz - Statistiques

Statistiques générales
  • Ce quiz a été pris 126 fois
    113 depuis la dernière actualisation
  • Le résultat moyen est 5 sur 34
Réponses sur la Carte
Les réponses sont colorées sur une échelle allant du rouge au vert en fonction du pourcentage des utilisateurs qui les ont devinées à leur premier essai. Vous pouvez retrouver ces pourcentages ci-dessous.
 
Statistiques - réponses
Réponse % Correct
701 Salon-de-Provence
41%
133 Nancy-Ochey
36%
118 Mont-de-Marsan
32%
702 Avord
32%
120 Cazaux
31%
110 Creil
27%
125 Istres-Le Tubé
25%
721 Rochefort
25%
105 Évreux-Fauville
22%
106 Bordeaux-Mérignac
22%
115 Orange-Caritat
22%
123 Orléans-Bricy
22%
126 Solenzara
22%
107 Villacoublay
20%
705 Tours
20%
Toulouse
19%
116 Luxeuil-Saint-Sauveur
17%
104 Al Dhafra
14%
113 Saint-Dizier-Robinson
14%
709 Cognac-Châteaubernard
12%
101 Niamey
10%
942 Lyon-Mont Verdun
8%
188 Djibouti
7%
181 La Réunion
5%
204 Mérignac-Beauséjour
5%
EMIA
5%
186 Nouméa-La Tontouta
3%
273 Romorantin-Pruniers
3%
278 Ambérieux-en-Bugey
3%
367 Cayenne-Rochambeau
3%
921 Taverny
3%
928 Brest-Loperhet
3%
722 Saintes-Thénac
2%
749 Grenoble-Montbonnot
2%
Aucun quiz correspondant
Distribution des résultats
% des personnes avec chaque résultat
Percentile par nombre de réponses
Votre historique - résultats
Vous n’avez pas pris ce quiz depuis la dernière actualisation